000
00257nam a2200097Ia 4500
001
986382
005
20250826221100.0
008
250824s9999 xx 000 0 und d
245
0
_a
ÜÇ ÖĞRENCİNİN HİKAYESİ
_c
ARTHUR CONAN DOYLE
260
_b
DOKUZ YAYINLARI
999
_c
986382
_d
986382